Developing ASP components (Record no. 123)

MARC details
000 -LEADER
fixed length control field 00384nam a2200145Ia 4500
008 - FIXED-LENGTH DATA ELEMENTS--GENERAL INFORMATION
fixed length control field 130318s9999 xx 000 0 und d
020 ## - INTERNATIONAL STANDARD BOOK NUMBER
International Standard Book Number 8173660468
082 ## - DEWEY DECIMAL CLASSIFICATION NUMBER
Classification number 006.76A POW/D
100 ## - MAIN ENTRY--PERSONAL NAME
Personal name Powers, Shelly
245 ## - TITLE STATEMENT
Title Developing ASP components
260 ## - PUBLICATION, DISTRIBUTION, ETC.
Name of publisher, distributor, etc. Oreilly/Shroff Publishers and Distributors
Place of publication, distribution, etc. Mumbai
Date of publication, distribution, etc. 1999
300 ## - PHYSICAL DESCRIPTION
Extent 490
650 ## - SUBJECT ADDED ENTRY--TOPICAL TERM
Topical term or geographic name entry element ACTIVE SERVER PAGES
650 ## - SUBJECT ADDED ENTRY--TOPICAL TERM
Topical term or geographic name entry element ASP
Holdings
Withdrawn status Lost status Damaged status Not for loan Collection code Home library Current library Shelving location Date acquired Cost, normal purchase price Total Checkouts Full call number Barcode Date last seen Date last checked out Price effective from Koha item type
        WWW/ Javascript / JQuery / Ajax Kerala University of Digital Sciences, Innovation and Technology Knowledge Centre Kerala University of Digital Sciences, Innovation and Technology Knowledge Centre Computer Science 18/03/2013 233.00 1 006.76A POW/D 123 17/05/2017 16/11/2016 18/03/2013 Books